000 00327 a2200145 4500
001 156901
020 _a9788580632019
040 _cEscola São Tomás de Aquino
100 _aBELINKY, Tatiana
240 1 0 _aO patinho feio
_lpor
245 1 0 _aO patinho feio
362 0 _a2015
697 _a*LITERATURA INFANTO
942 _cBK
999 _c156901
_d156901